Statistics for World of tanks blitz

Click here to take the quiz!

General Stats

  • This quiz has been taken 33 times
  • The average score is 5 of 6

Answer Stats

QuestionAnswer% Correct
What is tiger 1 big broTiger ll
100%
What tier 10 tank in wotb russia heavyIS 7
96%
What gammode in world of tank blitz That we can spawn 3 timeUprising
85%
What wotb new operationOperation cold front
70%
What german tier 10 strongest tankE100
63%
What is american new tier 10 heavy tankM VI YOH
48%

Score Distribution

Percentile by Number Answered

Percent of People with Each Score

Your Score History

You have not taken this quiz